Programming the M68000

Saved in:
Bibliographic Details
Main Author: King, Tim 1954-
Other Authors: Knight, Brian
Format: Book
Language:English
Published: London : Addison-Wesley, 1983
Series:Small computer series
Subjects:
Tags: Add Tag
No Tags, Be the first to tag this record!

MARC

LEADER 00000nam a2200000 i 4500
001 1/47451
008 950217s1983 eng d
020 |a 0201146355 
035 |l 10026501 
040 |a GR-MY-UA  |b gre  |e aacr 
041 0 |a eng 
082 0 |a 001.642 
100 1 |a King, Tim  |d 1954- 
245 1 0 |a Programming the M68000 /  |c Tim King Brian Knight 
260 |a London :   |b Addison-Wesley,   |c 1983 
300 |a 154 p. 
490 1 |a Small computer series 
650 0 0 |a Motorola 68000 (Microprocessor)  |x Programming. 
700 1 |a Knight, Brian. 
830 0 |a Small computer series 
852 |a INST  |b CHIOS  |e 19950217  |h 001.642 KIN  |p 005200006880  |q 005200006880  |t BK  |y 0 
909 |a Χ  |b 003953